|
|
|
|
| LEADER |
01235nam a2200289 u 4500 |
| 001 |
10068004 |
| 003 |
upatras |
| 005 |
20210117201451.0 |
| 008 |
081020s2003 uk eng |
| 020 |
|
|
|a 0262572230
|
| 040 |
|
|
|a ΠΑΝΕΠΙΣΤΗΜΙΟ ΠΑΤΡΑΣ
|c ΠΑΝΕΠΙΣΤΗΜΙΟ ΠΑΤΡΑΣ
|
| 041 |
0 |
|
|a eng
|
| 082 |
0 |
4 |
|a 751.74
|
| 100 |
1 |
|
|a Grau, Oliver
|9 62249
|
| 245 |
1 |
0 |
|a Virtual art
|b from illusion to immersion
|c Oliver Grau; translated by Gloria Custance
|
| 260 |
|
|
|a Cambridge
|b The MIT Press
|c 2003
|
| 300 |
|
|
|a xiv., 416 p.
|b fig.
|c 23 cm.
|
| 504 |
|
|
|a Includes index
|
| 650 |
|
4 |
|a Πανοράματα
|x Ζωγραφική
|9 62250
|
| 650 |
|
4 |
|a Εικονική πραγματικότητα στην τέχνη
|9 62251
|
| 650 |
|
4 |
|a Τέχνη
|x Ηλεκτρονικοί Υπολογιστές
|9 62252
|
| 700 |
1 |
|
|a Custance, Gloria
|4 trl
|9 62253
|
| 852 |
|
|
|a GR-PaULI
|b ΠΑΤΡΑ
|b ΑΡΧΙΤΕΚΤΟΝΙΚΗ
|k ΑΣΧΞ-2
|h 751.74 GRA
|m 006193
|p 025000156540
|t 1
|
| 942 |
|
|
|2 ddc
|c BK15
|
| 952 |
|
|
|0 0
|1 0
|4 0
|6 751_740000000000000_GRA
|7 0
|9 68555
|a ARCH
|b ARCH
|d 2016-04-24
|i 006193
|l 2
|m 1
|o 751.74 GRA
|p 025000156540
|r 2017-12-20 00:00:00
|s 2017-11-29
|t 1
|w 2016-04-24
|y BK15
|
| 998 |
|
|
|c Λοτσάρη
|d 2008-10
|
| 999 |
|
|
|c 44275
|d 44275
|